[Event "Charleroi op"]
[Site "Charleroi"]
[Date "2015.08.03"]
[Round "3"]
[White "Discart, Eddy"]
[Black "Barbier, Wim"]
[Result "0-1"]
[WhiteElo "1676"]
[BlackElo "2109"]
[PlyCount "54"]
[EventDate "2015.08.01"]
[EventType "swiss"]
[EventRounds "9"]
[EventCountry "BEL"]
[SourceTitle "CBM 167 Extra"]
[Source "ChessBase"]
[SourceDate "2015.09.14"]
[SourceVersion "1"]
[SourceVersionDate "2015.09.14"]
[SourceQuality "1"]

1. d4 d6 2. Nf3 Nf6 3. c4 Nbd7 4. Nc3 e5 5. e4 Be7 6. Be2 0-0 7. 0-0 c6 8. Be3 a5 9. Qc2 Re8 10. h3 Bf8 11. Rfd1 exd4 12. Bxd4 Qe7 13. Bd3 Ne5 14. Nxe5 dxe5 15. Be3 Nh5 16. Qd2 Qf6 17. Bg5 Qg6 18. Kh1 h6 19. Be3 Qf6 20. Ne2 g5 21. Qc3 g4 22. hxg4 Bxg4 23. Rf1 Bb4 24. Qc2 Nf4 25. Nxf4 exf4 26. Bd2 Qh4+ 27. Kg1 f3 0-1